[Event "Stockholm Elite Hotels GP"]
[Site "Stockholm"]
[Date "2023.11.05"]
[Round "8"]
[White "Seo, Jung Min"]
[Black "Wernberg, Hugo"]
[Result "1-0"]
[WhiteElo "2480"]
[BlackElo "2178"]
[PlyCount "75"]
[EventDate "2023.11.03"]
[EventType "swiss"]
[EventRounds "8"]
[EventCountry "SWE"]
[SourceTitle "CBM 217 Extra"]
[Source "ChessBase"]
[SourceDate "2024.01.31"]
[SourceVersion "1"]
[SourceVersionDate "2024.01.31"]
[SourceQuality "1"]

1. e4 e5 2. Nf3 Nc6 3. Bb5 a6 4. Ba4 Nf6 5. 0-0 b5 6. Bb3 Bc5 7. c3 d6 8. d3 0-0 9. a4 Rb8 10. axb5 axb5 11. Bg5 h6 12. Bh4 g5 13. Bg3 Bb6 14. Nbd2 Kg7 15. Re1 g4 16. Nh4 Ne7 17. Nf1 Nh5 18. Ne3 Nxg3 19. hxg3 h5 20. d4 exd4 21. cxd4 f5 22. Qd3 c5 23. dxc5 dxc5 24. Qxb5 Bc7 25. Qxc5 Qd6 26. Qc3+ Qe5 27. Ra7 Rb7 28. Rxb7 Bxb7 29. Nhxf5+ Nxf5 30. Nxf5+ Kf6 31. Qd2 Rh8 32. Qd7 Bxe4 33. Qf7+ Kg5 34. Nh4 Rh7 35. f4+ gxf3 36. Nxf3+ Bxf3 37. Rxe5+ Bxe5 38. Qxh7 1-0

[Event "Stockholm Elite Hotels GP"]
[Site "Stockholm"]
[Date "2023.11.03"]
[Round "3"]
[White "Sorensen, Hampus"]
[Black "Wernberg, Hugo"]
[Result "1-0"]
[WhiteElo "2479"]
[BlackElo "2178"]
[PlyCount "95"]
[EventDate "2023.11.03"]
[EventType "swiss"]
[EventRounds "8"]
[EventCountry "SWE"]
[SourceTitle "CBM 217 Extra"]
[Source "ChessBase"]
[SourceDate "2024.01.31"]
[SourceVersion "1"]
[SourceVersionDate "2024.01.31"]
[SourceQuality "1"]

1. d4 d5 2. c4 c6 3. Nf3 Nf6 4. Nc3 e6 5. e3 Nbd7 6. Qc2 Bd6 7. Bd3 0-0 8. 0-0 dxc4 9. Bxc4 b5 10. Bd3 Bb7 11. a3 Rc8 12. Rd1 a5 13. h3 Qc7 14. Ng5 c5 15. Nxb5 Qc6 16. d5 exd5 17. Na7 Qc7 18. Nxc8 Rxc8 19. Bxh7+ Kf8 20. Bf5 Re8 21. Bd2 Ne5 22. Qa4 g6 23. Bb1 Qe7 24. Bc3 Bc6 25. Qh4 Kg8 26. Bc2 Nh5 27. Re1 Bb8 28. f4 Nc4 29. g4 Nxe3 30. gxh5 d4 31. hxg6 fxg6 32. Bxg6 Rf8 33. Qh7+ Qxh7 34. Bxh7+ Kh8 35. Rxe3 Bxf4 36. Re6 Bd5 37. Be4 Be3+ 38. Kh1 Bxe6 39. Nxe6 Re8 40. Bd5 dxc3 41. bxc3 Rb8 42. Rf1 Bh6 43. Rf6 Bd2 44. c4 Rb1+ 45. Kg2 Rb2 46. Kf1 Kh7 47. Be4+ Kg8 48. Rf8# 1-0

[Event "Titled Tuesday intern op 25th Jul Early"]
[Site "Chess.com INT"]
[Date "2023.07.25"]
[Round "5"]
[White "Lehtosaari, Mauri"]
[Black "Wernberg, Hugo"]
[Result "0-1"]
[WhiteElo "2176"]
[BlackElo "2217"]
[PlyCount "74"]
[EventDate "2023.07.25"]
[EventType "swiss (blitz)"]
[EventRounds "11"]
[EventCountry "USA"]
[SourceTitle "EXT 2024"]
[Source "ChessBase"]
[SourceDate "2023.10.10"]
[SourceVersion "1"]
[SourceVersionDate "2023.10.10"]
[SourceQuality "1"]

1. d4 d5 2. Nf3 e6 3. Bf4 Nf6 4. Nbd2 c5 5. e3 Bd6 6. Bg3 Qc7 7. c3 Nbd7 8. Bd3 0-0 9. 0-0 e5 10. dxe5 Nxe5 11. Nxe5 Bxe5 12. Bxe5 Qxe5 13. Nf3 Qe7 14. h3 b6 15. Re1 Bb7 16. Qa4 Ne4 17. Rad1 Rfd8 18. Nd2 Nxd2 19. Rxd2 d4 20. cxd4 cxd4 21. e4 a6 22. Red1 b5 23. Qa5 Rd6 24. f3 Rad8 25. Bf1 h5 26. a4 bxa4 27. Qxh5 Rb6 28. Bc4 g6 29. Qh6 Qb4 30. Rxd4 Qc5 31. Qe3 Rbd6 32. Bd5 Bxd5 33. exd5 Rxd5 34. Kh2 Rxd4 35. Rxd4 Qxd4 36. Qe2 Qd6+ 37. g3 Qd2 0-1

[Event "Titled Tuesday intern op 18th Jul Early"]
[Site "Chess.com INT"]
[Date "2023.07.18"]
[Round "6"]
[White "Gulamali, Kazim"]
[Black "Wernberg, Hugo"]
[Result "1-0"]
[WhiteElo "2243"]
[BlackElo "2217"]
[PlyCount "93"]
[EventDate "2023.07.18"]
[EventType "swiss (blitz)"]
[EventRounds "11"]
[EventCountry "USA"]
[SourceTitle "EXT 2024"]
[Source "ChessBase"]
[SourceDate "2023.10.10"]
[SourceVersion "1"]
[SourceVersionDate "2023.10.10"]
[SourceQuality "1"]

1. e4 e5 2. Nf3 Nc6 3. Bb5 a6 4. Ba4 Nf6 5. Qe2 b5 6. Bb3 Be7 7. 0-0 0-0 8. c3 d5 9. d3 dxe4 10. dxe4 Bg4 11. h3 Bh5 12. Rd1 Bd6 13. Nbd2 Qe7 14. Nf1 Rfd8 15. Ng3 Bg6 16. Nh4 Bc5 17. Bg5 Rxd1+ 18. Rxd1 Rd8 19. Nhf5 Qf8 20. Bxf6 gxf6 21. Bd5 Ne7 22. Nxe7+ Qxe7 23. b4 Bb6 24. h4 h6 25. h5 Bh7 26. a4 Qd7 27. a5 Ba7 28. Bb3 Qe7 29. Qg4+ Kf8 30. Rd5 c6 31. Rd1 Rxd1+ 32. Qxd1 Ke8 33. Qd2 Qf8 34. c4 Bb8 35. c5 Bc7 36. f3 Qg7 37. Kf2 Qg5 38. Qxg5 hxg5 39. Nf1 Kf8 40. Ne3 Ke7 41. g4 Kf8 42. Bd5 cxd5 43. Nxd5 Bd8 44. c6 Ke8 45. c7 Kd7 46. cxd8Q+ Kxd8 47. Nxf6 1-0

[Event "Titled Tuesday intern op 18th Jul Early"]
[Site "Chess.com INT"]
[Date "2023.07.18"]
[Round "10"]
[White "Wernberg, Hugo"]
[Black "Lima, Artur Tin Lun Dai"]
[Result "1-0"]
[WhiteElo "2217"]
[BlackElo "2030"]
[PlyCount "133"]
[EventDate "2023.07.18"]
[EventType "swiss (blitz)"]
[EventRounds "11"]
[EventCountry "USA"]
[SourceTitle "EXT 2024"]
[Source "ChessBase"]
[SourceDate "2023.10.10"]
[SourceVersion "1"]
[SourceVersionDate "2023.10.10"]
[SourceQuality "1"]

1. d4 Nf6 2. c4 e6 3. Nf3 b6 4. g3 Ba6 5. Nbd2 Bb7 6. Bg2 c5 7. e4 Nxe4 8. Ne5 Nc3 9. Bxb7 Nxd1 10. Bxa8 Nxf2 11. Kxf2 cxd4 12. Bg2 d6 13. Nc6 Nxc6 14. Bxc6+ Ke7 15. Nf3 Qc7 16. Bb5 Qc5 17. a3 a5 18. b4 axb4 19. axb4 Qxb4 20. Bg5+ f6 21. Ra7+ Kd8 22. Rha1 Qb2+ 23. Bd2 Qxa1 24. Rxa1 e5 25. Ra7 g6 26. Bb4 d3 27. Bxd6 Bxd6 28. Ra8+ Ke7 29. Rxh8 Bc5+ 30. Ke1 e4 31. Nd2 e3 32. Nf3 Bb4+ 33. Kf1 e2+ 34. Kf2 Bc5+ 35. Kg2 Ke6 36. Re8+ Be7 37. Rxe7+ Kxe7 38. Kf2 Kd6 39. Nd2 Kc5 40. Ke1 Kd4 41. Nb3+ Kc3 42. Nd2 f5 43. Bc6 h6 44. h4 g5 45. hxg5 hxg5 46. Bf3 Kd4 47. Bxe2 dxe2 48. Kxe2 f4 49. g4 Kc3 50. Ne4+ Kxc4 51. Nxg5 b5 52. Kd2 Kd4 53. Nf3+ Kd5 54. g5 Ke6 55. Kc3 Kf5 56. Kb4 Kg4 57. g6 Kxf3 58. g7 Ke2 59. g8Q f3 60. Qe6+ Kf1 61. Qh3+ Ke2 62. Qg4 Ke3 63. Qg5+ Ke2 64. Qh5 Ke3 65. Kxb5 f2 66. Qd1 f1Q+ 67. Qxf1 1-0

[Event "Titled Tuesday intern op 18th Jul Early"]
[Site "Chess.com INT"]
[Date "2023.07.18"]
[Round "8"]
[White "Wernberg, Hugo"]
[Black "Morkunas, Gustas"]
[Result "0-1"]
[WhiteElo "2217"]
[BlackElo "2074"]
[PlyCount "140"]
[EventDate "2023.07.18"]
[EventType "swiss (blitz)"]
[EventRounds "11"]
[EventCountry "USA"]
[SourceTitle "EXT 2024"]
[Source "ChessBase"]
[SourceDate "2023.10.10"]
[SourceVersion "1"]
[SourceVersionDate "2023.10.10"]
[SourceQuality "1"]

1. d4 d5 2. c4 dxc4 3. Nf3 Nf6 4. e3 e6 5. Bxc4 c5 6. 0-0 a6 7. dxc5 Bxc5 8. Qxd8+ Kxd8 9. Be2 Ke7 10. Nc3 Nbd7 11. Nd2 b5 12. Bf3 Rb8 13. Nde4 Bb6 14. b3 Bb7 15. Ba3+ Kd8 16. Nd6 Bxf3 17. Nxf7+ Kc7 18. gxf3 Rhf8 19. Bxf8 Rxf8 20. Ng5 Re8 21. Rac1 Kb7 22. Nce4 Bc7 23. f4 h6 24. Nxf6 gxf6 25. Ne4 Rg8+ 26. Kh1 f5 27. Rfd1 Rg7 28. Rxd7 Rxd7 29. Nc5+ Kc6 30. Nxd7+ Kxd7 31. Rg1 a5 32. Rg6 a4 33. Rxh6 a3 34. Rh7+ Kd6 35. Rxc7 Kxc7 36. Kg2 Kc6 37. Kf3 Kc5 38. h4 Kb4 39. h5 Kc3 40. h6 Kb2 41. h7 Kxa2 42. h8Q Kb1 43. Qh1+ Kb2 44. Qd1 a2 45. Qd2+ Kb1 46. Qd3+ Kb2 47. Qd4+ Kb1 48. Qd1+ Kb2 49. Qd2+ Kb1 50. Ke2 a1Q 51. Kd3 Qb2 52. Qc3 Ka2 53. b4 Qb3 54. f3 Qd1+ 55. Qd2+ Qxd2+ 56. Kxd2 Kb3 57. Kd3 Kxb4 58. Kd4 Ka3 59. Ke5 b4 60. Kxe6 b3 61. Kxf5 b2 62. e4 b1Q 63. Kg5 Qg1+ 64. Kf6 Qb6+ 65. Kf5 Qc5+ 66. e5 Qf8+ 67. Ke4 Kb4 68. f5 Kc5 69. f4 Qa8+ 70. Ke3 Kd5 0-1